=LDR 00000nam 2200000 4500 =001 INLIS000000000017951 =005 20130612113137 =008 ***********************************Ind** =035 ##$$0010-061300000017951 =041 ##$$a Ind =082 ##$$a 621.881 =090 ##$$a 621.881, Sos p =100 ##$$a Sosrodarsono, Suyono =245 ##$$a Pengukuran topografi dan teknik pemetaan, Suyono Sosrodarsono ; M Takasakiasayoshi =260 ##$$a 1997 $b Jakarta =300 ##$$a x, 313 hlm, ilus, 26 cm =650 ##$$a Pengyukuran, Teknik =850 ##$$a NBPNMAT =990 ##$$a 0001/BPAP-NTB/20142015 =990 ##$$a 21601587/BPAP-NTB/2017 =990 ##$$a 87778777 =990 ##$$a 01201708777 =990 ##$$a 0001/BPAP-NTB/20142015 =990 ##$$a 21601587/BPAP-NTB/2017